Historical Figures Born in the Balkans by Picture - Statistics

General Stats
  • This quiz has been taken 70 times
  • The average score is 9 of 16
Answer Stats
Picture Answer % Correct
Nikola Tesla
98%
Alexander the Great
93%
Mother Teresa
92%
Plato
78%
Socrates
77%
Aristotle
67%
Gavrilo Princip
63%
Justinian I
58%
Mustafa Kemal Atatürk
58%
Constantine the Great
43%
Leonidas I
42%
Pericles
33%
Baba Vanga
23%
Skanderbeg
23%
Ivo Andrić
13%
Petar II Petrović-Njegoš
12%
No matching quizzes found
Score Distribution
Percent of People with Each Score
Percentile by Number Answered
Your Score History
You have not taken this quiz